[Event "La Roda op 49th"]
[Site "La Roda"]
[Date "2023.04.06"]
[Round "2"]
[White "Shyam, Nikil P"]
[Black "Fernandes, Ricardo Paulos"]
[Result "1-0"]
[WhiteElo "2476"]
[BlackElo "2044"]
[PlyCount "35"]
[EventDate "2023.04.05"]
[EventType "swiss"]
[EventRounds "9"]
[EventCountry "ESP"]
[SourceTitle "CBM 213 Extra"]
[Source "ChessBase"]
[SourceDate "2023.05.31"]
[SourceVersion "1"]
[SourceVersionDate "2023.05.31"]
[SourceQuality "1"]

1. Nf3 c5 2. b3 d5 3. Bb2 Nc6 4. g3 Nf6 5. Bg2 e6 6. 0-0 Bd6 7. d4 0-0 8. c4 cxd4 9. Nxd4 Nxd4 10. Qxd4 e5 11. Qd3 d4 12. e3 dxe3 13. Qxe3 Qc7 14. Nc3 a6 15. Na4 Ng4 16. Qb6 Qe7 17. Rad1 Bc7 18. Ba3 1-0

[Event "Mirandela op 3rd"]
[Site "Mirandela"]
[Date "2022.08.23"]
[Round "9"]
[White "Fernandes, Ricardo Paulos"]
[Black "Bifulco, Michel"]
[Result "0-1"]
[WhiteElo "2065"]
[BlackElo "2339"]
[PlyCount "64"]
[EventDate "2022.08.17"]
[EventType "swiss"]
[EventRounds "9"]
[EventCountry "POR"]
[SourceTitle "CBM 209 Extra"]
[Source "ChessBase"]
[SourceDate "2022.09.30"]
[SourceVersion "1"]
[SourceVersionDate "2022.09.30"]
[SourceQuality "1"]

1. e4 c5 2. Nc3 Nc6 3. Bb5 Nd4 4. Bc4 a6 5. a4 e6 6. Nge2 Nf6 7. 0-0 Be7 8. d3 Nc6 9. Nf4 0-0 10. Nh5 Nd4 11. Nxf6+ Bxf6 12. Be3 d6 13. f4 Bd7 14. Kh1 Rb8 15. a5 Re8 16. e5 Nf5 17. Bg1 dxe5 18. Bxc5 exf4 19. Bb6 Qe7 20. Rxf4 Be5 21. Re4 Qf6 22. d4 Bd6 23. Qd2 Qg6 24. Kg1 Bc6 25. d5 exd5 26. Rxe8+ Rxe8 27. Bxd5 Qh5 28. h3 Qh4 29. Bxc6 bxc6 30. Bf2 Qb4 31. Qd3 Qf4 32. Kf1 Ne3+ 0-1

[Event "Famalicao op 8th"]
[Site "Vila Nova de Famalicao"]
[Date "2021.07.30"]
[Round "8"]
[White "Fernandes, Ricardo Paulos"]
[Black "Gomes, Estevao Moreira"]
[Result "1-0"]
[WhiteElo "2176"]
[BlackElo "1796"]
[PlyCount "51"]
[EventDate "2021.07.26"]
[EventType "swiss"]
[EventRounds "9"]
[EventCountry "POR"]
[SourceTitle "CBM 203 Extra"]
[Source "ChessBase"]
[SourceDate "2021.09.30"]
[SourceVersion "1"]
[SourceVersionDate "2021.09.30"]
[SourceQuality "1"]

1. b3 e5 2. Bb2 d6 3. e3 Nf6 4. c4 g6 5. Nc3 Bg7 6. d3 0-0 7. Nf3 Nc6 8. Be2 Ng4 9. h3 Nh6 10. 0-0 f5 11. d4 e4 12. Nh2 a5 13. a3 Bd7 14. Qd2 Qh4 15. Nd5 g5 16. f3 f4 17. fxe4 fxe3 18. Qxe3 Rfe8 19. Nf3 Rxe4 20. Nxh4 Rxe3 21. Nxe3 Nxd4 22. Rae1 gxh4 23. Bd3 Nxb3 24. Bxg7 Kxg7 25. Nd5 Nc5 26. Re7+ 1-0

[Event "Lisbon Portugal rapid 2op"]
[Site "Lisbon"]
[Date "2020.02.02"]
[Round "5"]
[White "Chavez Dulce, Angie Marcela"]
[Black "Fernandes, Ricardo Paulos"]
[Result "0-1"]
[WhiteElo "1771"]
[BlackElo "2116"]
[PlyCount "54"]
[EventDate "2020.01.02"]
[EventType "swiss (rapid)"]
[EventRounds "8"]
[EventCountry "POR"]
[SourceTitle "CBM 194 Extra"]
[Source "ChessBase"]
[SourceDate "2020.03.31"]
[SourceVersion "1"]
[SourceVersionDate "2020.03.31"]
[SourceQuality "1"]

1. e4 c5 2. Nc3 d6 3. g3 Nc6 4. Bg2 Nf6 5. f4 Bg4 6. Nf3 Nd4 7. d3 Nxf3+ 8. Bxf3 Bxf3 9. Qxf3 Qc7 10. 0-0 e6 11. Re1 Nd7 12. f5 0-0-0 13. Bf4 a6 14. a3 Be7 15. Rab1 g5 16. Bd2 Ne5 17. Qh5 g4 18. Kh1 Rdg8 19. Qh6 Bf8 20. Qf4 h5 21. Qf2 Nf3 22. Rf1 h4 23. gxh4 Bh6 24. Bxh6 Rxh6 25. Rg1 Qd8 26. Qg3 Rxh4 27. Rg2 Rgh8 0-1

[Event "Lisbon Portugal rapid 2op"]
[Site "Lisbon"]
[Date "2020.02.02"]
[Round "2"]
[White "Fernandes, Ricardo Paulos"]
[Black "Ten Hertog, Hugo"]
[Result "0-1"]
[WhiteElo "2116"]
[BlackElo "2506"]
[PlyCount "112"]
[EventDate "2020.01.02"]
[EventType "swiss (rapid)"]
[EventRounds "8"]
[EventCountry "POR"]
[SourceTitle "CBM 194 Extra"]
[Source "ChessBase"]
[SourceDate "2020.03.31"]
[SourceVersion "1"]
[SourceVersionDate "2020.03.31"]
[SourceQuality "1"]

1. Nf3 g6 2. g3 Bg7 3. Bg2 Nf6 4. c4 d6 5. Nc3 c6 6. d3 a6 7. 0-0 b5 8. Qc2 Bb7 9. b3 0-0 10. Bb2 Nbd7 11. d4 Rc8 12. Rad1 c5 13. d5 Nb6 14. Nb1 Qd7 15. Nbd2 a5 16. e4 bxc4 17. bxc4 Qa4 18. Rc1 Ba6 19. e5 Qxc2 20. Rxc2 Nfd7 21. exd6 exd6 22. Bxg7 Kxg7 23. Re1 Rfe8 24. Bf1 Rxe1 25. Nxe1 Ne5 26. f4 Ng4 27. Ng2 Re8 28. Rc3 a4 29. h3 Nf6 30. Kf2 Ne4+ 31. Nxe4 Rxe4 32. Ne3 Rd4 33. Bd3 f5 34. Ke2 Kf6 35. Nc2 Rxc4 36. Bxc4 Bxc4+ 37. Rxc4 Nxc4 38. Kd3 Nb6 39. Ne3 h5 40. h4 Ke7 41. a3 Kd7 42. Kc3 Kc7 43. Kd3 Nd7 44. Nd1 Kb6 45. Nc3 Ka5 46. Kc4 Nf6 47. Ne2 Ne4 48. Kd3 Kb5 49. Nc3+ Nxc3 50. Kxc3 c4 51. Kd4 c3 52. Kxc3 Kc5 53. Kd2 Kxd5 54. Kd3 Kc5 55. Kc3 d5 56. Kd3 d4 0-1

[Event "Lisbon Portugal op"]
[Site "Lisbon"]
[Date "2020.01.26"]
[Round "2"]
[White "Vasli, Aref"]
[Black "Fernandes, Ricardo Paulos"]
[Result "1-0"]
[WhiteElo "2391"]
[BlackElo "2100"]
[PlyCount "125"]
[EventDate "2020.01.25"]
[EventType "swiss"]
[EventRounds "9"]
[EventCountry "POR"]
[SourceTitle "CBM 194"]
[Source "ChessBase"]
[SourceDate "2020.01.27"]
[SourceVersion "1"]
[SourceVersionDate "2020.01.27"]
[SourceQuality "1"]

1. d4 Nf6 2. Bg5 e6 3. e3 Be7 4. Nd2 d5 5. Bd3 Nbd7 6. Ngf3 c5 7. c3 b6 8. 0-0 Bb7 9. Qb1 h6 10. Bf4 0-0 11. h3 Rc8 12. Re1 c4 13. Bc2 b5 14. e4 dxe4 15. Nxe4 Nxe4 16. Bxe4 Bxe4 17. Qxe4 Nf6 18. Qc2 Nd5 19. Bd2 Bd6 20. Re4 Qf6 21. Rae1 Bf4 22. Qc1 Bxd2 23. Qxd2 Qe7 24. Rg4 Nf6 25. Rh4 Rfd8 26. Ne5 Rd5 27. Rf4 Rf8 28. a4 a6 29. axb5 axb5 30. Ra1 Qc7 31. Qe3 Nd7 32. Ng4 h5 33. Nh2 g6 34. Nf3 Kg7 35. h4 Nf6 36. Ne5 Nd7 37. Nf3 Nf6 38. g3 Rd7 39. Qe2 Nd5 40. Re4 Nf6 41. Re5 Rd5 42. Rg5 Rfd8 43. Rxd5 Rxd5 44. Ng5 Nh7 45. Ne4 Nf6 46. Nc5 Nd7 47. Na6 Qa7 48. Ra3 Rf5 49. Nb4 Qb7 50. Nc2 Rd5 51. Ra1 Nf6 52. Qf3 Rd7 53. Qf4 Qe4 54. Qxe4 Nxe4 55. Ra6 Rd6 56. Ra7 Rb6 57. Ne3 b4 58. Nxc4 bxc3 59. bxc3 Rb1+ 60. Kg2 Rc1 61. Ne5 Rxc3 62. Rxf7+ Kg8 63. Rf4 1-0

[Event "Pontevedra op 7th"]
[Site "Pontevedra"]
[Date "2019.08.10"]
[Round "3"]
[White "Fernandes, Ricardo Paulos"]
[Black "De Prado Rodriguez, Oscar Bruno"]
[Result "1-0"]
[WhiteElo "2015"]
[BlackElo "2155"]
[PlyCount "83"]
[EventDate "2019.08.08"]
[EventType "swiss"]
[EventRounds "9"]
[EventCountry "ESP"]
[SourceTitle "EXT 2020"]
[Source "ChessBase"]
[SourceDate "2019.10.17"]
[SourceVersion "1"]
[SourceVersionDate "2019.10.17"]
[SourceQuality "1"]

1. Nf3 f5 2. d3 d6 3. g3 Nf6 4. Bg2 e5 5. c4 Be7 6. Nc3 0-0 7. 0-0 Qe8 8. e3 Nc6 9. d4 e4 10. Ne1 Qg6 11. f3 exf3 12. Nxf3 Ng4 13. Nd5 Bd8 14. b4 Nb8 15. Qb3 Kh8 16. Nf4 Qf7 17. h3 Nh6 18. h4 c6 19. Bb2 Ng4 20. d5 Bf6 21. Nd4 c5 22. bxc5 dxc5 23. Nde6 Bxb2 24. Qxb2 Nxe3 25. Nxf8 Qxf8 26. Rfc1 Nd7 27. Ne6 Qe7 28. Re1 Nxc4 29. Qc3 Nd6 30. Nc7 Ne4 31. Bxe4 fxe4 32. Nxa8 Nf6 33. d6 Qxd6 34. Rad1 Qe7 35. Qd2 Bd7 36. Qd6 Qf7 37. Rf1 Be8 38. Nc7 e3 39. Nxe8 e2 40. Nxf6 gxf6 41. Qd8+ Kg7 42. Rd7 1-0

[Event "Pontevedra op 7th"]
[Site "Pontevedra"]
[Date "2019.08.08"]
[Round "1"]
[White "Fernandes, Ricardo Paulos"]
[Black "Lillo Castany, Victor"]
[Result "1/2-1/2"]
[WhiteElo "2015"]
[BlackElo "2332"]
[PlyCount "61"]
[EventDate "2019.08.08"]
[EventType "swiss"]
[EventRounds "9"]
[EventCountry "ESP"]
[SourceTitle "EXT 2020"]
[Source "ChessBase"]
[SourceDate "2019.10.17"]
[SourceVersion "1"]
[SourceVersionDate "2019.10.17"]
[SourceQuality "1"]

1. b3 Nf6 2. Bb2 e6 3. e3 c5 4. Nf3 d5 5. Bb5+ Nbd7 6. 0-0 Bd6 7. Ne5 0-0 8. f4 a6 9. Bxd7 Nxd7 10. Qg4 f5 11. Qg3 Nxe5 12. fxe5 Be7 13. d3 b5 14. Nd2 Bb7 15. Rad1 Qc7 16. Nf3 b4 17. h4 a5 18. Qh3 a4 19. g4 axb3 20. axb3 Ra2 21. Rb1 f4 22. g5 fxe3 23. Qxe6+ Kh8 24. g6 e2 25. Ng5 exf1Q+ 26. Rxf1 Rxf1+ 27. Kxf1 hxg6 28. h5 Qc8 29. Nf7+ Kg8 30. Nh6+ Kh8 31. Nf7+ 1/2-1/2

[Event "World ol U16"]
[Site "Konya"]
[Date "2018.11.30"]
[Round "6.12"]
[White "Fernandes, Ricardo Paulos"]
[Black "Verbin, Valentina"]
[Result "0-1"]
[WhiteElo "2096"]
[BlackElo "1936"]
[PlyCount "62"]
[EventDate "2018.11.25"]
[EventType "team-swiss"]
[EventRounds "9"]
[EventCountry "TUR"]
[SourceTitle "CBM 187 Extra"]
[Source "ChessBase"]
[SourceDate "2018.11.04"]
[SourceVersion "1"]
[SourceVersionDate "2018.11.04"]
[SourceQuality "1"]
[WhiteTeam "Portugal"]
[BlackTeam "Moldova"]
[WhiteTeamCountry "POR"]
[BlackTeamCountry "MDA"]

1. Nf3 Nf6 2. b3 d5 3. Bb2 c5 4. e3 g6 5. c4 dxc4 6. Bxc4 Bg7 7. 0-0 0-0 8. Nc3 Nc6 9. d4 cxd4 10. exd4 e6 11. Ba3 Re8 12. Nb5 Bf8 13. Bxf8 Rxf8 14. Ne5 Ne7 15. Qf3 Ned5 16. a4 a6 17. Na3 b6 18. Rfd1 Bb7 19. g4 Qe7 20. Qh3 h5 21. Nc2 Kg7 22. Bxd5 Nxd5 23. gxh5 Rh8 24. Qg3 Rxh5 25. f4 Rah8 26. Rd2 Nf6 27. Re2 Ba8 28. Ne3 Qb7 29. d5 exd5 30. Ng2 Rh3 31. Qc3 Rxc3 0-1

[Event "Figueira da Foz op 12th"]
[Site "Figueira da Foz"]
[Date "2018.11.03"]
[Round "8"]
[White "Fernandes, Ricardo Paulos"]
[Black "Veiga, Jose Francisco RP"]
[Result "0-1"]
[WhiteElo "2098"]
[BlackElo "2272"]
[PlyCount "62"]
[EventDate "2018.10.28"]
[EventType "swiss"]
[EventRounds "9"]
[EventCountry "POR"]
[SourceTitle "CBM 187 Extra"]
[Source "ChessBase"]
[SourceDate "2018.11.04"]
[SourceVersion "1"]
[SourceVersionDate "2018.11.04"]
[SourceQuality "1"]

1. d4 Nf6 2. c4 g6 3. Nc3 Bg7 4. Nf3 0-0 5. e3 d6 6. Be2 c5 7. 0-0 Nbd7 8. Re1 b6 9. b3 Bb7 10. Bb2 cxd4 11. exd4 d5 12. Rc1 Rc8 13. Ba3 Re8 14. Bf1 dxc4 15. Bxc4 Bh6 16. Rc2 a6 17. Bc1 Bxc1 18. Rxc1 b5 19. Be2 Nb6 20. Ne5 b4 21. Na4 Rxc1 22. Qxc1 Nxa4 23. bxa4 Qxd4 24. Bc4 e6 25. Qg5 Kg7 26. Bb3 h6 27. Qg3 Bd5 28. Bc2 Qd2 29. f4 Qxc2 30. h4 Nh5 31. Qg4 Nxf4 0-1

[Event "Figueira da Foz op 12th"]
[Site "Figueira da Foz"]
[Date "2018.10.29"]
[Round "2"]
[White "Fernandes, Ricardo Paulos"]
[Black "Romanishin, Oleg M"]
[Result "0-1"]
[WhiteElo "2098"]
[BlackElo "2443"]
[PlyCount "74"]
[EventDate "2018.10.28"]
[EventType "swiss"]
[EventRounds "9"]
[EventCountry "POR"]
[SourceTitle "CBM 187 Extra"]
[Source "ChessBase"]
[SourceDate "2018.11.04"]
[SourceVersion "1"]
[SourceVersionDate "2018.11.04"]
[SourceQuality "1"]

1. b3 e5 2. Bb2 d6 3. e3 Nf6 4. c4 g6 5. d3 Bg7 6. Nd2 0-0 7. Qc2 c5 8. Ngf3 Nc6 9. a3 b6 10. Be2 Bb7 11. 0-0 Rc8 12. Rad1 Re8 13. Rfe1 d5 14. cxd5 Nxd5 15. Qb1 Qe7 16. Bf1 Rcd8 17. Qa1 h6 18. d4 e4 19. Ne5 Nxe5 20. dxe5 Bxe5 21. Bxe5 Qxe5 22. Qxe5 Rxe5 23. f4 exf3 24. Nxf3 Ree8 25. Bc4 Kg7 26. Rd3 Nf6 27. Red1 Rxd3 28. Rxd3 Be4 29. Rd6 Bxf3 30. gxf3 Rxe3 31. Kf2 Re7 32. a4 Rd7 33. Rc6 Ne8 34. Rc8 Nd6 35. Rc6 Nxc4 36. bxc4 Rd2+ 37. Ke3 Ra2 0-1

[Event "Guimaraes 2nd"]
[Site "Guimaraes"]
[Date "2018.10.07"]
[Round "7"]
[White "Fernandes, Ricardo Paulos"]
[Black "Fonseca, Pedro Miguel Ramos"]
[Result "1-0"]
[WhiteElo "2098"]
[BlackElo "1437"]
[PlyCount "91"]
[EventDate "2018.10.04"]
[EventType "swiss"]
[EventRounds "7"]
[EventCountry "POR"]
[SourceTitle "CBM 186 Extra"]
[Source "ChessBase"]
[SourceDate "2018.08.24"]
[SourceVersion "1"]
[SourceVersionDate "2018.08.24"]
[SourceQuality "1"]

1. Nf3 Nf6 2. g3 d5 3. Bg2 c6 4. 0-0 Bf5 5. d3 e6 6. Nbd2 h6 7. c4 Be7 8. a3 a5 9. b3 Nbd7 10. Bb2 0-0 11. Rc1 Qb6 12. d4 Rfe8 13. c5 Qc7 14. Re1 b5 15. Nh4 Bh7 16. f4 Ng4 17. e4 Bxh4 18. Qxg4 Be7 19. e5 a4 20. b4 Bf5 21. Qe2 Bf8 22. Rf1 Bh7 23. Bh3 g6 24. g4 Qd8 25. Kh1 f5 26. exf6 Qxf6 27. Rce1 g5 28. fxg5 Qxg5 29. Nf3 Qg7 30. g5 Bf5 31. gxh6 Qxh6 32. Rg1+ Kh8 33. Ng5 Qg6 34. Nf3 Qh6 35. Bxf5 exf5 36. Ne5 Nxe5 37. dxe5 Re6 38. Qf3 Qh7 39. Rg5 Bg7 40. Reg1 Rh6 41. Qf2 Rg8 42. e6 d4 43. Bxd4 f4 44. Bxg7+ Rxg7 45. Rxg7 Qe4+ 46. Qg2 1-0

[Event "Guimaraes 2nd"]
[Site "Guimaraes"]
[Date "2018.10.06"]
[Round "4"]
[White "Pazos Porta, Antonio"]
[Black "Fernandes, Ricardo Paulos"]
[Result "1-0"]
[WhiteElo "2323"]
[BlackElo "2098"]
[PlyCount "57"]
[EventDate "2018.10.04"]
[EventType "swiss"]
[EventRounds "7"]
[EventCountry "POR"]
[SourceTitle "CBM 186 Extra"]
[Source "ChessBase"]
[SourceDate "2018.08.24"]
[SourceVersion "1"]
[SourceVersionDate "2018.08.24"]
[SourceQuality "1"]

1. d4 Nf6 2. g3 g6 3. Bg2 Bg7 4. e4 d6 5. Nc3 0-0 6. Nge2 c5 7. dxc5 dxc5 8. Qxd8 Rxd8 9. Be3 Na6 10. h3 e6 11. f4 b6 12. e5 Nd5 13. Bd2 Bb7 14. Ne4 Nab4 15. 0-0-0 Ba6 16. N2c3 Rab8 17. Nxd5 Nxd5 18. Rhe1 Bf8 19. Bf3 b5 20. g4 b4 21. f5 c4 22. Bg5 Rd7 23. Rxd5 Rxd5 24. Nf6+ Kg7 25. Nxd5 exd5 26. Bxd5 Re8 27. Bf6+ Kg8 28. e6 Bh6+ 29. g5 1-0

[Event "Sao Martinho do Porto op 1st"]
[Site "Sao Martinho do Porto"]
[Date "2018.09.20"]
[Round "8"]
[White "Schleime, Franz Josef"]
[Black "Fernandes, Ricardo Paulos"]
[Result "0-1"]
[WhiteElo "1696"]
[BlackElo "2160"]
[PlyCount "92"]
[EventDate "2018.09.15"]
[EventType "swiss"]
[EventRounds "9"]
[EventCountry "POR"]
[SourceTitle "CBM 186 Extra"]
[Source "ChessBase"]
[SourceDate "2018.08.24"]
[SourceVersion "1"]
[SourceVersionDate "2018.08.24"]
[SourceQuality "1"]

1. d4 Nf6 2. Nf3 g6 3. Nc3 Bg7 4. e4 d6 5. Be2 0-0 6. 0-0 c6 7. h3 Qc7 8. Bf4 Nh5 9. Bh2 e5 10. d5 c5 11. Nb5 Qe7 12. c4 Nf4 13. Qd2 a6 14. Nc3 g5 15. Rfe1 Bh6 16. Bxf4 gxf4 17. Qd3 Kh8 18. Nh2 Rg8 19. Bg4 Nd7 20. Kh1 Nf6 21. Bxc8 Raxc8 22. Rec1 Qd7 23. Ne2 Rb8 24. a4 Bf8 25. Qc3 Nxe4 26. Qf3 Ng5 27. Qc3 Bg7 28. Qc2 f5 29. Nf3 Bf6 30. Nxg5 Rxg5 31. Qc3 Qf7 32. Qf3 Rbg8 33. g3 Qh5 34. Qxh5 Rxh5 35. Kh2 f3 36. Nc3 Rg6 37. Rh1 Rxh3+ 38. Kg1 Rxh1+ 39. Kxh1 e4 40. Nd1 Bd4 41. Ne3 Bxe3 42. fxe3 a5 43. Kh2 Kg7 44. Ra3 Rh6+ 45. Kg1 f2+ 46. Kxf2 Rh2+ 0-1

[Event "Sao Martinho do Porto op 1st"]
[Site "Sao Martinho do Porto"]
[Date "2018.09.16"]
[Round "4"]
[White "Fernandes, Ricardo Paulos"]
[Black "Van Riemsdijk, Herman Claudius"]
[Result "1-0"]
[WhiteElo "2160"]
[BlackElo "2270"]
[PlyCount "140"]
[EventDate "2018.09.15"]
[EventType "swiss"]
[EventRounds "9"]
[EventCountry "POR"]
[SourceTitle "CBM 186 Extra"]
[Source "ChessBase"]
[SourceDate "2018.08.24"]
[SourceVersion "1"]
[SourceVersionDate "2018.08.24"]
[SourceQuality "1"]

1. b3 e5 2. Bb2 Nc6 3. e3 Nf6 4. c4 Be7 5. d3 d5 6. cxd5 Nxd5 7. a3 0-0 8. Nf3 f6 9. Nbd2 Be6 10. Be2 Qd7 11. 0-0 Rfd8 12. Qc2 Bf8 13. Ne4 Bf7 14. Kh1 b6 15. g4 h6 16. Rg1 Nce7 17. Rg3 c5 18. Rag1 g5 19. h4 Bg7 20. hxg5 hxg5 21. d4 cxd4 22. exd4 Rac8 23. Qd1 Bg6 24. Nfd2 Nf4 25. Bc4+ Kf8 26. a4 exd4 27. Ba3 Bf7 28. Re1 Qc6 29. Kg1 Rc7 30. Qf3 Bd5 31. Bxd5 Qxd5 32. Nc4 Kf7 33. Bd6 Rcd7 34. Bxf4 gxf4 35. Qxf4 Ng6 36. Qf3 Re7 37. g5 f5 38. Ncd6+ Rxd6 39. Nxd6+ Qxd6 40. Qxf5+ Kg8 41. Qc8+ Bf8 42. Qc4+ Kg7 43. Rd1 Nf4 44. Kf1 Ne2 45. Rg2 Qe5 46. f3 Nf4 47. Rg4 d3 48. Qe4 Qxe4 49. fxe4 Rf7 50. g6 Rf6 51. e5 Rf5 52. Kf2 Nd5+ 53. Kg3 Ne3 54. Rxd3 Nxg4 55. Kxg4 Rxe5 56. Kf4 Re6 57. Kf5 Rf6+ 58. Ke5 a5 59. Rd7+ Kxg6 60. Kd5 Rf4 61. Kc6 Rb4 62. Rd3 Bc5 63. Kd5 Kf5 64. Rf3+ Kg4 65. Rd3 Kf4 66. Rc3 Rd4+ 67. Kc6 Ke4 68. Rc1 Kd3 69. Rh1 Kc3 70. Rh3+ Rd3 1-0

[Event "Pontevedra op-A 6th"]
[Site "Pontevedra"]
[Date "2018.08.12"]
[Round "7"]
[White "Galiana Fernandez, Adrian"]
[Black "Fernandes, Ricardo Paulos"]
[Result "0-1"]
[WhiteElo "2291"]
[BlackElo "2024"]
[PlyCount "52"]
[EventDate "2018.08.08"]
[EventType "swiss"]
[EventRounds "9"]
[EventCountry "ESP"]
[SourceTitle "EXT 2021"]
[Source "ChessBase"]
[SourceDate "2020.10.23"]
[SourceVersion "1"]
[SourceVersionDate "2020.10.23"]
[SourceQuality "1"]

1. e4 c5 2. Nf3 d6 3. d4 cxd4 4. Nxd4 Nf6 5. Nc3 g6 6. Be3 Bg7 7. Be2 Nc6 8. Qd2 0-0 9. 0-0-0 d5 10. exd5 Nxd5 11. Nxc6 bxc6 12. Nxd5 cxd5 13. Qxd5 Qc7 14. Qxa8 Bf5 15. Qxf8+ Kxf8 16. c4 Qa5 17. Rd2 Bc3 18. Rhd1 Bxd2+ 19. Rxd2 Qxa2 20. Rd8+ Kg7 21. Rb8 Qa4 22. Kd2 Qa5+ 23. b4 Qa2+ 24. Ke1 Qa1+ 25. Kd2 Qb2+ 26. Ke1 Qc3+ 0-1

[Event "Figueira da Foz op 11th"]
[Site "Figueira da Foz"]
[Date "2017.11.04"]
[Round "8"]
[White "Fernandes, Ricardo Paulos"]
[Black "Fernandes, Joao Pedro Murtinho"]
[Result "1/2-1/2"]
[WhiteElo "1844"]
[BlackElo "1975"]
[PlyCount "133"]
[EventDate "2017.10.29"]
[EventType "swiss"]
[EventRounds "9"]
[EventCountry "POR"]
[SourceTitle "CBM 181 Extra"]
[Source "ChessBase"]
[SourceDate "2017.12.12"]
[SourceVersion "1"]
[SourceVersionDate "2017.12.12"]
[SourceQuality "1"]

1. b3 e5 2. Bb2 Qe7 3. e3 g6 4. d4 Bg7 5. dxe5 Bxe5 6. Nc3 c6 7. Nf3 d6 8. Nxe5 dxe5 9. a4 Nf6 10. Ba3 c5 11. Nd5 Nxd5 12. Qxd5 Nd7 13. Bb5 0-0 14. 0-0-0 Nf6 15. Qxc5 Qxc5 16. Bxc5 Bg4 17. f3 Rfc8 18. Be7 Ne4 19. Rdf1 Rc7 20. Bb4 Be6 21. fxe4 Bxb3 22. c3 a6 23. Kb2 axb5 24. Kxb3 bxa4+ 25. Ka3 Rc4 26. Rd1 Rxe4 27. Rhe1 f5 28. Rd7 f4 29. Red1 fxe3 30. Re1 Ra6 31. Rd3 Kf7 32. Rdxe3 Rxe3 33. Rxe3 Ke6 34. g4 b5 35. c4 bxc4 36. Bc3 Ra8 37. Rxe5+ Kd6 38. Ra5 Re8 39. Bb4+ Kc6 40. Rc5+ Kd7 41. Rxc4 Re3+ 42. Rc3 Re4 43. h3 Ke6 44. Kxa4 Kf6 45. Rc5 h6 46. Kb5 Re3 47. Bc3+ Kf7 48. Rc7+ Ke6 49. Rc6+ Kd5 50. Bd2 Rb3+ 51. Ka4 Rxh3 52. Rxg6 Rh4 53. Bxh6 Rh1 54. Kb3 Ke5 55. Bd2 Rg1 56. Kc3 Rg3+ 57. Kc2 Ke4 58. g5 Kf5 59. Rf6+ Ke4 60. g6 Ke5 61. Rf1 Rxg6 62. Bc3+ Ke4 63. Re1+ Kd5 64. Rd1+ Kc4 65. Rd4+ Kc5 66. Rd8 Kc4 67. Rd4+ 1/2-1/2

[Event "Figueira da Foz op 11th"]
[Site "Figueira da Foz"]
[Date "2017.11.02"]
[Round "6"]
[White "Fernandes, Miguel A Murtinho"]
[Black "Fernandes, Ricardo Paulos"]
[Result "1/2-1/2"]
[WhiteElo "2007"]
[BlackElo "1844"]
[PlyCount "76"]
[EventDate "2017.10.29"]
[EventType "swiss"]
[EventRounds "9"]
[EventCountry "POR"]
[SourceTitle "CBM 181 Extra"]
[Source "ChessBase"]
[SourceDate "2017.12.12"]
[SourceVersion "1"]
[SourceVersionDate "2017.12.12"]
[SourceQuality "1"]

1. d4 Nf6 2. c4 g6 3. Nc3 Bg7 4. e4 d6 5. h3 0-0 6. Nf3 Na6 7. Be3 Qe8 8. g4 e5 9. d5 Nc5 10. Nd2 Kh8 11. b4 Na6 12. a3 Ng8 13. Bd3 f5 14. gxf5 gxf5 15. exf5 Nh6 16. f6 Rxf6 17. Nde4 Rf8 18. Bg5 Nf5 19. Be2 Nd4 20. Bh5 Qd7 21. Qd3 Qf5 22. 0-0-0 h6 23. Bg4 Qh7 24. Be3 Bf5 25. Rdg1 Bg6 26. Rg2 c6 27. Rhg1 cxd5 28. cxd5 Rf7 29. Be6 Bxe4 30. Qxe4 Rc7 31. Qxh7+ Kxh7 32. Kb2 Nxe6 33. dxe6 e4 34. Bd2 Rac8 35. Rxg7+ Rxg7 36. Rxg7+ Kxg7 37. Nxe4 Re8 38. Nxd6 Rxe6 1/2-1/2